00506nam a2200193 a 4500001001300000003000900013005001700022008004100039020001000080082001600090100001800106245004100124260004800165300000900213500003500222505001000257650002700267700001800294nice12345678IN_TiNIC20260116012831.0050524s1989 newa grp 000 0 eng  ac14500a231.76bMUL aMuller, F Max aTheosophy Or Psychological Religion. aNew DelhibAsian Educational Servicesc1989 a584p aincludes index and biblioraphy2 aIndex aPhilosophical-Theology1 aMuller, F Max